000 00796nab a2200241 u 4500
001 15872
003 HDC
007 cr bn ---aaaaa
008 210219c20110121my dr|noo 0 a eng d
040 _aHDC
245 0 _aKontena Nasional waiting for halal certification of godowns
260 _a[No place] :
_b[publisher not identified],
_c2011
336 _atext
_2rdacontent
337 _acomputer
_2rdamedia
338 _aonline resource
_2rdacarrier
650 _ahalal certification
_9753
650 _aKontena Nasional
_915880
710 _aThe Star
856 _zRequest full-text at [email protected]
942 _2lcc
942 _cNEWS
942 _kNWSO 005607
999 _c13188
_d13188